ნორმალური ფორმატი
MARC ფორმატი
ჩანაწერი Personal Name
ჩანაწერთა რაოდენობა, რომელიც გამოყენებულია: 1
001 - CONTROL NUMBER
- control field: 3466
003 - CONTROL NUMBER IDENTIFIER
- control field: GE_BSU
005 - DATE AND TIME OF LATEST TRANSACTION
- control field: 20190808155437.0
008 - FIXED-LENGTH DATA ELEMENTS
- fixed length control field: 190808|| aca||aabn | a|a d
040 ## - CATALOGING SOURCE
- Original cataloging agency: GE_BSU
- Transcribing agency: GE_BSU
100 ## - HEADING--PERSONAL NAME
- Personal name: ჩაფიძე, ნელი
670 ## - SOURCE DATA FOUND
- Source citation: Work cat.: (GE_BSU)37795: ჩაფიძე, ნელი, ქართულ და მოძმე ეროვნულ კულტურათა დაახლოებისა და ურთიერთგამდიდრების ისტორიის პრობლემები (1921–1958 წწ.) /
